000 00584am a2200241a 44500
003 AR-BaBNM
005 20251128202721.0
008 077019s1974 #AR|||||||||||000 | spa||
040 _cAR-BaBNM
100 1 _aSábato, Ernesto
245 1 0 _aAbaddón, el exterminador
250 _a2ª ed.
260 _aBuenos Aires
_bSudamericana
_c1974
300 _a512 p.
650 4 _aLITERATURA ARGENTINA
650 4 _aESCRITORES
650 4 _aNOVELAS
650 4 _aFILOSOFIA LITERARIA
650 4 _aLITERATURA CONTEMPORANEA
655 _aLITERATURA
942 _cBK
998 _cMARTIN
999 _c227
_d227